Interpersonal negotiation
Interpersonálne vyjednávanie, vyjednávacie stratégie a taktiky. Cieľ a metodológia. Výsledky a diskusia.
Saved in:
| Main Author: | |
|---|---|
| Other Authors: | |
| Format: | Book Chapter |
| Language: | English |
| Subjects: | |
| Tags: |
No Tags, Be the first to tag this record!
|
MARC
| LEADER | 00000naa$a2200000$$$4500 | ||
|---|---|---|---|
| 001 | 0105469 | ||
| 005 | 20240502072151.2 | ||
| 041 | 0 | |a eng | |
| 044 | |a SK | ||
| 245 | 1 | 0 | |a Interpersonal negotiation |c Cecília Olexová, Alena Bašistová |
| 520 | |a Interpersonálne vyjednávanie, vyjednávacie stratégie a taktiky. Cieľ a metodológia. Výsledky a diskusia. | ||
| 610 | 2 | 0 | |a vyjednávanie |
| 610 | 2 | 0 | |a konkurencia |
| 610 | 2 | 0 | |a kooperácia |
| 610 | 2 | 0 | |a bankovníctvo |
| 100 | 1 | |a Olexová, Cecília, 1976- | |
| 700 | 1 | |a Bašistová, Alena | |